Obchodná doložka ovplyvňuje priebeh ďalších vzťahov

Medzinárodné obchodné podmienky INCOTERMS posledný raz aktualizované v roku 2010. Aplikácia pri konkrétnom obchodnom prípade pramení z kúpno-predajnej zmluvy uzatvorenej medzi predávajúcim a kupujúcim. Výber vhodnej doložky. Eliminácia nedorozumení. Rozhodovací mechanizmus pri presadzovaní obchodnej...

Full description

Saved in:
Bibliographic Details
Main Author: Valachovičová, Viktória
Format: Book Chapter
Language:Slovak
Subjects:
Tags: Add Tag
No Tags, Be the first to tag this record!

MARC

LEADER 00000naa a2200000 4500
001 0127064
005 20240502072440.8
041 0 |a slo 
044 |a SK 
245 1 0 |a Obchodná doložka ovplyvňuje priebeh ďalších vzťahov  |c Viktória Valachovičová 
520 |a Medzinárodné obchodné podmienky INCOTERMS posledný raz aktualizované v roku 2010. Aplikácia pri konkrétnom obchodnom prípade pramení z kúpno-predajnej zmluvy uzatvorenej medzi predávajúcim a kupujúcim. Výber vhodnej doložky. Eliminácia nedorozumení. Rozhodovací mechanizmus pri presadzovaní obchodnej doložky. 
610 2 0 |a obchod zahraničný 
610 2 0 |a obchod medzinárodný 
610 2 0 |a podmienky obchodné 
610 2 0 |a doložka zmluvná 
610 2 0 |a zmluvy kúpne 
610 2 0 |a preprava 
100 1 |a Valachovičová, Viktória